000 00418nam a22001697a 4500
005 20180417112516.0
008 160517b xxu||||| |||| 00| 0 eng d
020 _a81-219-0377-7
041 _aeng
082 _b2629
_a346.07
100 _aP.P.S. Gogna
_9719
245 _aA Text Book of Mercentile Law
260 _aNew Delhi
_bSultan Chand & Sons.
_c1999
300 _a785
650 _aManagement
_9241
942 _cBK
999 _c960
_d960